000 00254nam a22001217a 4500
008 180419b xxu||||| |||| 00| 0 eng d
041 _aeng
080 _a043.3
100 _a0
101 _aSHKI-BTH
245 _aBlockChain
_cMorina,G
942 _2udc
_cBK
999 _c45304
_d45304